| 000 | 01452nam a2200313 c 4500 | ||
|---|---|---|---|
| 003 | BLK | ||
| 005 | 20180422102037.0 | ||
| 008 | 180408b bul|||||r ||||||| ||bul|| | ||
| 010 | _aKNG00060927000 | ||
| 040 | _aBLK | ||
| 041 |
_aBUL _cBUL |
||
| 080 |
_aРастениевъдство в цялост. Полевъдство. Градинарство. Зеленчукопроизводство _b633/635 _x(497.2) _z633/635(497.2) |
||
| 100 | 1 |
_aКитанов, Борис Павлов _eпърви автор _9363543 |
|
| 139 |
_aКитанов, Борис Павлов _bК 61 |
||
| 245 | 1 | 0 |
_aКултурните растения в България _bМорфология, произход, история и значение _cБорис Павлов Китанов. |
| 257 | _aBGR | ||
| 260 |
_аСофия _bНаука и изкуство _c1986 |
||
| 300 |
_a327 с. _c22 см |
||
| 380 | _a63 | ||
| 500 | _aУказател на българските названия на растенията ; Указател на лат. наименования на растенията. | ||
| 650 | 4 |
_aРастения - България - справочници _9266534 |
|
| 650 | 4 |
_aСелскостопански култури _9286996 |
|
| 653 | _aрастения | ||
| 852 | _aЦб 145363 | ||
| 856 | 4 |
_qpdf _u |
|
| 856 | 4 |
_qpdf _u |
|
| 942 |
_cKNG _n0 |
||
| 944 |
_aCR _c13.06.2004 _kВиолета_Тройчева |
||
| 944 |
_aED _c28.06.2017 _kТеодора_Стоянова |
||
| 999 |
_c56940 _d56940 |
||